| 000 | 00992nam a2200241 i 4500 | ||
|---|---|---|---|
| 001 | 180054 | ||
| 003 | ES-MaACL | ||
| 005 | 20230906220958.0 | ||
| 008 | 120404r19731849sp h b |||| |dspa d | ||
| 020 | _a84-7256-015-5 | ||
| 080 | _a016:[92:849.9 | ||
| 100 | 1 |
_aCorminas, Juan. _940598 |
|
| 245 | 1 | 0 |
_aSuplemento al Diccionario crítico de los escritores catalanes (Burgos, 1849) / _cper Joan Corminas. |
| 260 |
_aBarcelona : _bCurial, _c1973. |
||
| 300 |
_a368 p., [2] h. ; _c23 cm. |
||
| 490 | 1 |
_aDocuments de cultura-facsímils ; _v2 |
|
| 534 |
_pReprod. de la ed. publ. originalmente bajo el tít. _tSuplemento á las Memorias para ayudar a formar un diccionario crítico de los escritores catalanes, _cBurgos : Imp. de Arnaiz, 1849. |
||
| 650 | 0 | 7 |
_aEscritores catalanes- _vBiobibliografías. _912382 |
| 650 | 4 |
_aLiteratura catalana- _vDiccionarios. _9155213 |
|
| 830 | 0 |
_aDocuments de cultura-facsímils ; _v2 _9191160 |
|
| 852 |
_aES-MaACL _jC-54682 |
||
| 999 |
_c180054 _d180054 |
||